| 000 | 01502cam a22002415a 4500 | ||
|---|---|---|---|
| 001 | L150609 | ||
| 008 | 100803s2010 xxkad f s 000 0 eng d | ||
| 035 | _a(Sirsi) u150609 | ||
| 041 | 0 | _aeng | |
| 050 | 0 | 4 | _a333.33 $2 18 |
| 110 | 2 |
_aRoyal Institution of Chartered Surveyors _bEconomics _95033 |
|
| 245 | 0 | 0 |
_aRICS UK commercial market survey _bfirst quarter 2010 _h[electronic resource] |
| 260 |
_aLondon _bRICS _c2010 |
||
| 490 | 0 |
_aRICS Commercial Market Survey United Kingdom _vFirst Quarter 2010 |
|
| 520 | _aTenant demand rises further at a modest pace for office and industrial property with office rental expectations turning positive for the first time in two years on London surge in optimism. Rising space availability still weighs on rental confidence across most regions and sectors outside London offices. Letting activity for business property continued to pick up in Q1 2010 at a marginally slower rate than in Q4 2009. Occupier enquiries rose at a generally faster pace across most regions and sectors with the exception of London retail. Confidence towards future lettings activity continues to grow outside of the London retail sector. | ||
| 521 | _aAdvanced | ||
| 590 | _aKA | ||
| 650 | 2 | 4 | _aRICS COMMERCIAL MARKET SURVEY |
| 651 | 4 |
_aUnited Kingdom _y |
|
| 690 | _aPROPERTY-COMMERCIAL PROPERTY-COMMERCIAL PROPERTY MARKET | ||
| 856 | 4 | 0 |
_uhttps://www.rics.org/site/download_feed.aspx?fileID=6448&fileExtension=PDF _zView the report free of charge at www.rics.org |
| 942 | _n0 | ||
| 999 |
_c110920 _d110920 |
||